LEADER 01276nam--2200373---450- 001 990003611490203316 005 20120117111643.0 010 $a978-88-348-1657-8 035 $a000361149 035 $aUSA01000361149 035 $a(ALEPH)000361149USA01 035 $a000361149 100 $a20120117d2011----km-y0itay50------ba 101 $aita 102 $aIT 105 $a||||||||001yy 200 1 $a<> œgovernance degli enti locali$eprincipi e strumenti$fa cura di Renato Mele ... [et al.] 210 $aTorino$cGiappichelli$d2011 215 $aXVIII, 339 p.$d24 cm 225 2 $aCollana di studi e ricerche aziendali$iDipartimento di studi e ricerche aziendali, Università di Salerno$v54 410 0$12001$aCollana di studi e ricerche aziendali$iDipartimento di studi e ricerche aziendali, Università di Salerno$v, 54 454 1$12001 461 1$1001-------$12001 606 0 $aEnti locali$xGestione$yItalia$2BNCF 676 $a352.32140945 702 1$aMELE,$bRenato 801 0$aIT$bsalbc$gISBD 912 $a990003611490203316 951 $a352.321 GOV 1$b20085 EC.$c352.321 GOV$d00305516 959 $aBK 969 $aECO 979 $aFIORELLA$b90$c20120117$lUSA01$h1114 979 $aFIORELLA$b90$c20120117$lUSA01$h1116 997 $aUNISA LEADER 00977nam a22002651i 4500 001 991000845429707536 005 20040205141818.0 008 040220s1951 fr |||||||||||||||||fre 035 $ab12679148-39ule_inst 035 $aARCHE-067748$9ExL 040 $aDip.to Scienze pedagogiche$bita$cA.t.i. Arché s.c.r.l. Pandora Sicilia s.r.l. 082 04$a153.4 100 1 $aSouriau, Etienne$0178738 245 12$aL'abstraction sentimentale /$cpar Etienne Souriau 250 $a2. ed. 260 $aParis :$bPresses Universitaires de France,$c1951 300 $aXII, 128 p. ;$c23 cm 440 0$aBibliothèque de philosophie contemporaine 650 4$aAstrazione 907 $a.b12679148$b02-04-14$c17-03-04 912 $a991000845429707536 945 $aLE022 MP 76 A 2$g1$i2022000088640$lle022$o-$pE0.00$q-$rl$s- $t0$u0$v0$w0$x0$y.i13189232$z17-03-04 996 $aAbstraction sentimentale$9271217 997 $aUNISALENTO 998 $ale022$b17-03-04$cm$da $e-$ffre$gfr $h2$i1